Trouver l'acteur ou l'actrice... 3 - Statistiques

Statistiques générales
  • Ce quiz a été pris 170 fois
  • Le résultat moyen est 7 sur 15
Statistiques - réponses
Films / Séries Acteurs / Actrices % Correct
Le prince de Bel Air - Aladdin - Bad boys Will Smith
80%
La cité de la peur - Gazon maudit - RRRrrr!!! Alain Chabat
78%
Mon beau-père et nous - Taxi driver - Le parrain 2 Robert de Niro
66%
La haine - Les rivières pourpres - Le pacte des loups Vincent Cassel
64%
Goldfinger - Le nom de la rose - A la rencontre de Forrester Sean Connery
59%
New York, unité spéciale - Diabolique - Basic instinct Sharon Stone
44%
Stranger things - Alien, la résurrection - Edward aux mains d'argent Winona Ryder
42%
Cavale sans issue - Double impact - Kickboxer Jean-Claude Van Damme
38%
Les hommes préfèrent les blondes - Certains l'aiment chaud - Sept ans de réflexion Marilyn Monroe
37%
Le hussard sur le toit - Le chocolat - Le patient anglais Juliette Binoche
34%
Les bronzés font du ski - Le Père Noël est une ordure - Sous le même toit Marie-Anne Chazel
30%
Les diaboliques - Le chat - La vie devant soi Simone Signoret
29%
Ascenseur pour l'échafaud - Touchez pas au grisbi! - Jules et Jim Jeanne Moreau
25%
Jugement à Nuremberg - Le magicien d'Oz - En avant la musique Judy Garland
19%
Urgences - Flynn Carson et les nouveaux aventuriers - Donnie Darko Noah Wyle
7%
Aucun quiz correspondant
Distribution des résultats
% des personnes avec chaque résultat
Percentile par nombre de réponses
Votre historique - résultats
Vous n’avez pas pris ce quiz